<?xml version="1.0" encoding="UTF-8"?><record xmlns="http://www.loc.gov/MARC21/slim" xmlns:zs="http://docs.oasis-open.org/ns/search-ws/sruResponse">
  <leader>01250cz  a2200265n  4500</leader>
  <controlfield tag="001">n  50049929 </controlfield>
  <controlfield tag="003">DLC</controlfield>
  <controlfield tag="005">20231130064555.0</controlfield>
  <controlfield tag="008">800815n| azannaabn          |b aaa      </controlfield>
  <datafield ind1=" " ind2=" " tag="010">
    <subfield code="a">n  50049929 </subfield>
  </datafield>
  <datafield ind1="7" ind2=" " tag="024">
    <subfield code="a">0000000108555738</subfield>
    <subfield code="2">isni</subfield>
    <subfield code="1">http://isni.org/isni/0000000108555738</subfield>
  </datafield>
  <datafield ind1=" " ind2=" " tag="035">
    <subfield code="a">(OCoLC)oca00084955</subfield>
  </datafield>
  <datafield ind1=" " ind2=" " tag="040">
    <subfield code="a">DLC</subfield>
    <subfield code="b">eng</subfield>
    <subfield code="e">rda</subfield>
    <subfield code="c">DLC</subfield>
    <subfield code="d">OCoLC</subfield>
    <subfield code="d">DLC</subfield>
    <subfield code="d">InU</subfield>
    <subfield code="d">OCoLC</subfield>
    <subfield code="d">NL-TiUL</subfield>
  </datafield>
  <datafield ind1=" " ind2=" " tag="046">
    <subfield code="f">1869-09-25</subfield>
    <subfield code="g">1937-03-07</subfield>
    <subfield code="2">edtf</subfield>
  </datafield>
  <datafield ind1="1" ind2=" " tag="100">
    <subfield code="a">Otto, Rudolf,</subfield>
    <subfield code="d">1869-1937</subfield>
  </datafield>
  <datafield ind1=" " ind2=" " tag="374">
    <subfield code="a">Theologians</subfield>
    <subfield code="a">Philosophers</subfield>
    <subfield code="2">lcsh</subfield>
  </datafield>
  <datafield ind1="1" ind2=" " tag="400">
    <subfield code="a">Otto, Karl Ludwig Rudolf</subfield>
  </datafield>
  <datafield ind1="1" ind2=" " tag="400">
    <subfield code="a">Ūtū, Rūdulf,</subfield>
    <subfield code="d">1869-1937</subfield>
  </datafield>
  <datafield ind1="1" ind2=" " tag="400">
    <subfield code="a">اُتو، رودلف,</subfield>
    <subfield code="d">1869-1937</subfield>
  </datafield>
  <datafield ind1="1" ind2=" " tag="400">
    <subfield code="a">Oto, Rudolf,</subfield>
    <subfield code="d">1869-1937</subfield>
  </datafield>
  <datafield ind1=" " ind2=" " tag="670">
    <subfield code="a">Naturalism and religion, 1907.</subfield>
  </datafield>
  <datafield ind1=" " ind2=" " tag="667">
    <subfield code="a">Non-Latin script reference not evaluated.</subfield>
  </datafield>
  <datafield ind1=" " ind2=" " tag="670">
    <subfield code="a">Mabānī-i naẓarī-i tajrubah-i dīnī, 2002:</subfield>
    <subfield code="b">t.p. (رودلف اُتو = Rūdulf Ūtū) t.p. verso (Iranian CIP data: Ūtū, Rūdulf, 1869-1937)</subfield>
  </datafield>
  <datafield ind1=" " ind2=" " tag="670">
    <subfield code="a">Svi︠a︡toto vŭv filosofii︠a︡ na religii︠a︡ta - Rudolf Oto, 2016:</subfield>
    <subfield code="b">t.p. (Rudolf Oto)</subfield>
  </datafield>
  <datafield ind1=" " ind2=" " tag="670">
    <subfield code="a">Wikipedia, July 8, 2021</subfield>
    <subfield code="b">(Rudolf Otto; born September 25, 1869 in Peine; died March 7, 1937 in Marburg; German Lutheran theologian, philosopher, comparative religionist)</subfield>
  </datafield>
</record>
